Normal view
MARC view
- SHIPMAN, HARRY L
Entry Personal Name
001 - CONTROL NUMBER
- control field: 74775
003 - CONTROL NUMBER IDENTIFIER
- control field: NUST
005 - DATE AND TIME OF LATEST TRANSACTION
- control field: 20210628205303.0
008 - FIXED-LENGTH DATA ELEMENTS
- fixed length control field: 210628|| aca||aabn | a|a d
040 ## - CATALOGING SOURCE
- Original cataloging agency: NUST
- Transcribing agency: NUST
100 ## - HEADING--PERSONAL NAME
- Personal name: SHIPMAN, HARRY L
670 ## - SOURCE DATA FOUND
- Source citation: Work cat.: (NUST): SHIPMAN, HARRY L, BLACK HOLES QUASARS AND THE UNIVERSE, 1980
